Magruders American Government. Annotated teacher (Запис № 279286)
[ простий вигляд ]
| 000 -LEADER | |
|---|---|
| fixed length control field | 00773nam a22001697a 4500 |
| 020 ## - INTERNATIONAL STANDARD BOOK NUMBER | |
| International Standard Book Number | 9780135454840 |
| 041 ## - LANGUAGE CODE | |
| Language code of text/sound track or separate title | eng |
| 080 ## - UNIVERSAL DECIMAL CLASSIFICATION NUMBER | |
| Universal Decimal Classification number | 81.2 |
| 090 ## - LOCALLY ASSIGNED LC-TYPE CALL NUMBER (OCLC); LOCAL CALL NUMBER (OCLC) | |
| Local cutter number (OCLC) ; Book number/undivided call number, CALL (RLIN) | MCC |
| 100 ## - MAIN ENTRY--PERSONAL NAME | |
| Personal name | McClenaghan, William A. |
| 245 ## - TITLE STATEMENT | |
| Title | Magruders American Government. Annotated teacher |
| 260 ## - PUBLICATION, DISTRIBUTION, ETC. (IMPRINT) | |
| Place of publication, distribution, etc | Massachusettes |
| Name of publisher, distributor, etc | Needham |
| Date of publication, distribution, etc | 1988 |
| 300 ## - PHYSICAL DESCRIPTION | |
| Extent | 799 |
| 520 ## - SUMMARY, ETC. | |
| Summary, etc | This is a book about government and more, particularly, about government in the USA. Over the course of its 26 chapters and more than 800 pages, we shall consider the ways in which government in this country is orginized, the ways in which it is controlled by the people, the many things that it does, and the various ways in which it does them. |
| -- | Government, constitution, federalism, freedom. |
| 650 ## - SUBJECT ADDED ENTRY--TOPICAL TERM | |
| Topical term or geographic name as entry element | Politics |
| 942 ## - ADDED ENTRY ELEMENTS (KOHA) | |
| Koha item type | Книги |
| Withdrawn status | Lost status | Source of classification or shelving scheme | Damaged status | Not for loan | Home library | Current library | Date acquired | Source of acquisition | Coded location qualifier | Cost, normal purchase price | Total Checkouts | Full call number | Barcode | Date last seen | Price effective from | Koha item type |
|---|---|---|---|---|---|---|---|---|---|---|---|---|---|---|---|---|
| Universal Decimal Classification | ВІЛ - Відділ іноземн. літератури НБ | ВІЛ - Відділ іноземн. літератури НБ | 08/08/2005 | №346 | F26 | 5.00 | 81.2 | 203161 | 08/11/2021 | 08/02/1999 | Книги | |||||
| Universal Decimal Classification | ВІЛ - Відділ іноземн. літератури НБ | ВІЛ - Відділ іноземн. літератури НБ | 08/08/2005 | №346 | 5.00 | 81.2 | 203162 | 08/11/2021 | 08/02/1999 | Книги | ||||||
| Universal Decimal Classification | ВІЛ - Відділ іноземн. літератури НБ | ВІЛ - Відділ іноземн. літератури НБ | 08/08/2005 | №346 | 5.00 | 81.2 | 203163 | 08/11/2021 | 08/02/1999 | Книги |